| 000 | 00410nam a22001697a 4500 | ||
|---|---|---|---|
| 003 | MACL | ||
| 005 | 20151231163154.0 | ||
| 008 | 151231b xxu||||| |||| 00| 0 eng d | ||
| 040 | _cMACL | ||
| 041 | _aEnglish | ||
| 082 | _a330/HILL | ||
| 100 |
_aHill,Napoleon _918536 |
||
| 245 | _aThink and Grow Rich | ||
| 260 |
_aBombay _bD.B.Taraporevala Sons&Co. _c1947 |
||
| 650 |
_aEconomics _925966 |
||
| 942 |
_2ddc _cBK |
||
| 999 |
_c52036 _d52036 |
||